000
00250nam a22001097a 4500
082
_a
621.381528 BAR'T
100
_a
BARNES, L
_9
80493
245
_a
TRANSISTORS FOR TECHNICAL COLLEGE
260
_a
LONDON
_b
ILIFFE
_c
1965
300
_a
194P
942
_c
BK
999
_c
585418
_d
585418